Where on Earth is it? - Statistics

General Stats
  • This quiz has been taken 16 times
  • The average score is 7 of 10
Answer Stats
Hint Answer % Correct
Longest wall (not continuous) China
87%
Tallest bridge France
87%
Deepest hole Russia
80%
Most Capital cities South Africa
80%
Tallest one story building USA
80%
Longest railroad tunnel Switzerland
67%
Largest clock Saudi Arabia
60%
Most leaning tower Germany
53%
Largest cemetery Iraq
40%
Deepest metro station Ukraine
40%
No matching quizzes found
Score Distribution
Percent of People with Each Score
Percentile by Number Answered
Your Score History
You have not taken this quiz